Вып. 3: Проблемы материалоемкости и долговечности в машиностроении; Научно-технический прогресс в машиностроении

Dettagli Bibliografici
Parent link:Научно-технический прогресс в машиностроении: сборник статей/ Международный центр научной и технической информации ; Академия наук СССР (АН СССР), Институт машиноведения им. А. А. Благонравова ; под ред. К. В. Фролова. Вып. 3: Проблемы материалоемкости и долговечности в машиностроении.— , 1987-
Lingua:russo
Pubblicazione: 1988
Soggetti:
Natura: MixedMaterials Libro
KOHA link:https://koha.lib.tpu.ru/cgi-bin/koha/opac-detail.pl?biblionumber=260728

MARC

LEADER 00000nam2a2200000 4500
001 260728
005 20231101233513.0
020 |a RU  |b 88-13235ж 
035 |a (RuTPU)RU\TPU\book\283698 
090 |a 260728 
100 |a 20140517d1988 k y0rusy5003 ca 
101 0 |a rus 
102 |a RU 
105 |a a z 000zy 
200 0 |a Вып. 3: Проблемы материалоемкости и долговечности в машиностроении 
210 |d 1988 
215 |a 162 с.  |c ил. 
461 1 |0 (RuTPU)RU\TPU\book\129557  |t Научно-технический прогресс в машиностроении  |o сборник статей  |f Международный центр научной и технической информации ; Академия наук СССР (АН СССР), Институт машиноведения им. А. А. Благонравова ; под ред. К. В. Фролова  |v Вып. 3: Проблемы материалоемкости и долговечности в машиностроении  |d 1987-   |s Информационное обеспечение комплексной программы научно-технического прогресса стран - членов СЭВ 
606 1 |a Машиностроение  |x Технический прогресс  |2 stltpush  |3 (RuTPU)RU\TPU\subj\41430  |9 61221 
610 1 |a инновации 
610 1 |a машиностроительная продукция 
610 1 |a долговечность 
610 1 |a материалоемкость 
610 1 |a надежность 
610 1 |a прочность 
675 |a 621.002:658.589  |z rus  |v 3 
801 0 |a RU  |b RuMRKP  |c 19950417  |g psbo 
801 1 |a RU  |b 63413507  |c 20140517 
801 2 |a RU  |b 63413507  |c 20160506  |g RCR 
942 |c BK